الدليل في موارد أعالي النيل / (Record no. 24967)

MARC details
000 -الفاتح
حقل البيانات ثابتة الطول 01310nam a22003375a 4500
003 - محدد رقم الضبط
رقم الضبط OSt
005 - وقت وتاريخ اخر تعامل مع التسجيلة
رقم الضبط 20170703123840.0
008 - عناصر البيانات ثابتة الطول - معلومات عامة
حقل البيانات ثابتة الطول 170703s2000 ua bo grb 000 0 ara d
017 ## - رقم الإيداع القانونى
رقم الإيداع القانونى 1999 / 13973
020 ## - الرقم الدولى المعيارى للكتب
الرقم الدولى المعيارى للكتاب 9772082861
040 ## - مصدر الفهرسة
وكالة الفهرسة الأصلية EG-ScBUE
لغة الفهرسة ara
وكالة النسخ EG-ScBUE
041 1# - رمز اللغة
رمز لغة النص/ المسارات الصوتية أو العنوان الانفرادي ara
رمز لغة الترجمات و/او الاصلية المتوسطة للنص und
043 ## - رمز المنطقة الجغرافية
رمز المنطقة الجغرافية f-ua---
-- f-sj---
-- fl-----
082 04 - رقم تصنيف ديوى العشرى
رقم التصنيف 333.9162096
رقم المادة ج ا ر
رقم الطبعة 22
100 1# - المدخل الرئيسى - إسم شخصى
الإسم الشخصى جارستن، جناب السر وليم.
245 10 - بيان العنوان
العنوان الدليل في موارد أعالي النيل /
بيان المسئوليه,etc تأليف جناب السر وليم جارستن.
246 30 - العنوان الموازى
عنوان صحيح/عنوان مختصر موارد أعالي النيل
250 ## - بيان الطبعة
بيان الطبعة ط. 2.
260 ## - PUBLICATION, DISTRIBUTION, ETC. (IMPRINT)
مكان الناشر او الموزع القاهرة :
اسم الناشر او الموزع مكتبة مدبولي،
تاريخ النشر أو التوزيع 2000.
300 ## - الوصف المادى
التعداد 636 ص.، 17 ص. لوحات مطوية :
تفاصيل ماديه اخرى للوعاء خرائط، مصور ؛
أبعاد الوعاء 24 سم.
490 0# - بيان السلسلة
عنوان السلسلة صفحات من تاريخ مصر ؛
رقم المجلد/ التعيين التسلسلي 45
500 ## - تبصرة عامة
تبصرة عامة الطبعة الأولى عام 1903 م.
504 ## - تبصرة ببليوجرافية
تبصرة ببليوجرافية,الخ يشتمل على إرجاعات ببليوجرافية.
546 ## - تبصرة اللغة
تبصرة اللغة النص مترجم إلى اللغة العربية.
650 ## - المدخل الاضافى بالموضوع-مصطلح موضوعى
مصدر الرأس أو المصطلح BUEsh
651 #7 - المدخل الاضافى بالموضوع - اسم جغرافى
الاسم الجغرافي نهر النيل
التقسيم الفرعي العام جغرافيا.
مصدر الرأس أو المصطلح BUEsh
651 #7 - المدخل الاضافى بالموضوع - اسم جغرافى
الاسم الجغرافي نهر النيل
التقسيم الفرعي العام جوانب اقتصادية.
مصدر الرأس أو المصطلح BUEsh
651 #7 - المدخل الاضافى بالموضوع - اسم جغرافى
الاسم الجغرافي نهر النيل
التقسيم الفرعي العام وصف ورحلات.
مصدر الرأس أو المصطلح BUEsh
653 ## - مصطلح تكشيفى غير مقيد
Resource For college Generalities
-- BAEPS, Political Science
-- BAEPS, Economics
Arrived date list July2017
942 ## - عناصر المدخل الإضافي( كوها)
مصدر التصنيف او مخطط الترفيف Dewey Decimal Classification
Holdings
حالة التراجع حالة الفقد مصدر التصنيف او خطة الترفيف حالة تلف ليس للاعارة مجموعات كوها المكان الدائم المكان الحالي موقع الترفيف تاريخ الاكتساب Source of acquisition تعداد مسلسل / التسلسل الزمني رقم الاستدعاء الباركود Date last seen نوع الوعاء
    Dewey Decimal Classification     Madboly Central Library Central Library First floor 03/07/2017 Purchase 04183 333.9162096 ج ا ر 000046149 15/07/2025 Book - Borrowing